Responses for Show #5337 - Tuesday, November 20, 2007

Contestants

[<< previous game]

Diane Sager, a college professor from Raytown, Missouri

Court Hayes, a bookstore manager from Neenah, Wisconsin

Julián Altschul, a math and science tutor from Jackson Heights, New York (whose 1-day cash winnings total $19,200)

[next game >>]

Jeopardy! Round responses

THE OLD COUNTRY
I ONLY HAVE "I"s FOR YOU
MOVIE PREMIERES
FREUD
GREEN
TOMATOES
    $200 10
Sri Lanka

Julián
    $200 2
ivy

Diane
    $200 5
Spider-Man 3

Court
    $200 19
Vienna

Julián
    $200 1
Green Acres

Diane
    $200 24
ketchup

Julián
    $400 11
Thailand

Diane
    $400 3
identical

Diane
    $400 6
Gregory Peck

Julián
    $400 20
(Diane: What is psychoanalysis?)

Sexuality

Diane
Triple Stumper
    $400 17
Benjamin Franklin

Diane
    $400 25
(Julián: What are fruits?)

vegetables

JuliánCourt
    $600 12
Iran

Diane
    $600 4
ignition

Court
    $600 7
(Alex: The Robe was the first big film in [*].)

CinemaScope

Triple Stumper
    $600 21
a woman

Court
    $600 18
Greenpeace

Court
    $600 26
vitamin C

Julián
    $800 13
Cambodia

Diane
    $800 8
an itinerary

Diane
    $800 15
Casino Royale

Court
    $800 29
an Oedipal complex

Julián
    $800 22
the Sahara

Court
    $800 27
Raging Bull

Diane
    $1000 14
Madagascar

Triple Stumper
    $1000 9
(Julián: What is an ibis?)
...
(Alex: The ibis is the bird, the [*] is the goat.)

an ibex

JuliánCourt
    $2,000 16
(Court: What is San Francisco?)

Omaha, Nebraska

Court
    $1000 30
(Court: What is Dream Analysis?)

The Interpretation of Dreams

CourtDiane
    $1000 23
(Diane: What is the kiwi?)
(Court: What is lime?)

the olive

JuliánCourtDiane
    $1000 28
beefsteak

Court

Scores at the first commercial break (after clue 15):

Julián Court Diane
-$400 $2,600 $3,400

Scores at the end of the Jeopardy! Round:

Julián Court Diane
$2,000 $2,000 $4,200

Double Jeopardy! Round responses

AMERICAN HISTORY
THE COMICS
BUSY AS A BEAVER
GET YOUR FACTS STRAIGHT
TELLING TALES OUT OF SCHOOL
BEASTLY RHYME TIME
    $400 6
Lexington

Court
    $400 9
Charlie Brown

Julián
    $400 14
the Hudson's Bay Company

Court
    $400 21
[Alex mispronounces Julián's name with a soft "G" sound when recognizing him on this clue.]

Joan of Arc

Julián
    $400 22
(Diane: Who is Miss Brooks?)

Mr. Chips

Diane
Triple Stumper
    $400 1
a shark bark

Diane
    $800 7
bonds

Diane
    $800 10
Bizarro

Court
    $800 15
15

Julián
    $800 25
Wind in the Willows

Julián
    $800 2
(Court: What are the bee's knees?)

Lee's bees

CourtDiane
    $1200 8
the Oregon Trail

Julián
    $1200 11
The Boondocks

Court
    $1200 16
a lodge

Court
    $1200 28
[The end-of-round signal sounds.]

Orrefors

Triple Stumper
    $1200 3
a louse house

Diane
    $1,500 19
the Lend-Lease Act

Diane
    $1600 12
(Julián: Who is Edgar?)
(Court: What is Blondie?)

Ernest

JuliánCourt
Triple Stumper
    $1600 17
eyelids

Court
    $1600 27
Richard Dean Anderson

Diane
    $1600 26
Miss Jean Brodie

Julián
    $2,400 4
(Diane: Mmmm...)
(Alex: Nothing?)
(Diane: Um... no.)

a fetal beetle

Diane
    $2000 20
the Radical Republicans

Diane
    $2000 13
Herman

Triple Stumper
    $2000 18
a wolverine

Diane
    $2000 24
Pachelbel

Diane
    $2000 23
(Court: What is The Great Gatsby?)

This Side of Paradise

Court
Triple Stumper
    $2000 5
a sheep creep

Triple Stumper

Scores at the end of the Double Jeopardy! Round:

Julián Court Diane
$5,600 $3,200 $13,700
(lock game)

[wagering suggestions for these scores]

Final Jeopardy! Round responses

AMERICAN ANCESTRY
CourtWhatre are [something crossed out] British and Irish.
$3,200
JuliánWhat are English and Spanish?
$801
DianeWhat are German and Irish?
$2,499
German & Irish

Final scores:

Julián Court Diane
$4,799 $0 $16,199
2nd place: $2,000 3rd place: $1,000 New champion: $16,199

Game dynamics:

Coryat scores:

Julián Court Diane
$5,600 $5,200 $16,200
13 R,
3 W
15 R,
6 W
(including 1 DD)
19 R
(including 1 DD),
4 W
(including 1 DD)

Combined Coryat: $27,000

[game clues] [game scores] [suggest correction]

Game tape date: 2007-08-14
The J! Archive is created by fans, for fans. Scraping, republication, monetization, and malicious use prohibited; this site may use cookies and collect identifying information. See terms. The Jeopardy! game show and all elements thereof, including but not limited to copyright and trademark thereto, are the property of Jeopardy Productions, Inc. and are protected under law. This website is not affiliated with, sponsored by, or operated by Jeopardy Productions, Inc. Join the discussion at JBoard.tv.